000 00332nam a2200121Ia 4500
008 191206s9999 xx 000 0 und d
090 _aPN1601.R57
245 0 _a100 modern poems
260 _aPellegrini & Cudahy
260 _cc1949
300 _a"xxx, 191 p. ; 22 cm."
999 _c15332
_d15332